[Event "15th Dubai Open"]
[Site "Dubai"]
[Date "2013.04.09"]
[Round "3.2"]
[White "Edouard, Romain"]
[Black "Akshayraj, Kore"]
[Result "1-0"]
[LiveChessVersion "1.4.1"]
[BlackElo "2512"]
[WhiteElo "2670"]

1. d4 {[%clk 1:30:57]} Nf6 {[%clk 1:30:48]} 2. c4 {[%clk 1:31:24]} g6
{[%clk 1:31:00]} 3. f3 {[%clk 1:31:49]} Bg7 {[%clk 1:28:38]} 4. e4
{[%clk 1:32:09]} O-O {[%clk 1:29:00]} 5. Nc3 {[%clk 1:31:41]} c6 {[%clk 1:26:12]}
6. Be3 {[%clk 1:31:15]} d6 {[%clk 1:26:19]} 7. Qd2 {[%clk 1:31:01]} a6
{[%clk 1:26:37]} 8. a4 {[%clk 1:30:44]} a5 {[%clk 1:25:28]} 9. Bd3
{[%clk 1:31:02]} Na6 {[%clk 1:24:59]} 10. Rd1 {[%clk 1:30:54]} e5
{[%clk 1:23:35]} 11. Nge2 {[%clk 1:31:04]} Re8 {[%clk 1:23:19]} 12. O-O
{[%clk 1:30:20]} Qe7 {[%clk 1:14:28]} 13. Rde1 {[%clk 1:23:01]} Nd7
{[%clk 1:11:04]} 14. f4 {[%clk 1:18:08]} exd4 {[%clk 1:06:12]} 15. Nxd4
{[%clk 1:14:15]} Nac5 {[%clk 0:59:59]} 16. Bc2 {[%clk 1:11:09]} Ra6
{[%clk 0:57:49]} 17. b3 {[%clk 1:03:48]} Rb6 {[%clk 0:54:23]} 18. Qf2
{[%clk 0:47:13]} Qf8 {[%clk 0:42:30]} 19. h3 {[%clk 0:46:14]} Rb4
{[%clk 0:42:07]} 20. Kh2 {[%clk 0:42:28]} Bf6 {[%clk 0:37:09]} 21. Rd1
{[%clk 0:40:10]} Qh6 {[%clk 0:31:47]} 22. Na2 {[%clk 0:39:02]} Nxe4
{[%clk 0:27:21]} 23. Bxe4 {[%clk 0:39:27]} Rxe4 {[%clk 0:27:14]} 24. Nxb4
{[%clk 0:39:53]} axb4 {[%clk 0:27:42]} 25. Nc2 {[%clk 0:37:51]} Qf8
{[%clk 0:26:27]} 26. Bd4 {[%clk 0:34:12]} c5 {[%clk 0:22:53]} 27. Bxf6
{[%clk 0:33:58]} Nxf6 {[%clk 0:23:21]} 28. Ne3 {[%clk 0:27:44]} Bd7
{[%clk 0:17:23]} 29. f5 {[%clk 0:20:23]} Qh6 {[%clk 0:13:32]} 30. fxg6
{[%clk 0:20:45]} Rxe3 {[%clk 0:13:56]} 31. Qxf6 {[%clk 0:21:00]} Rxh3+
{[%clk 0:14:05]} 32. Kg1 {[%clk 0:21:01]} Rh1+ {[%clk 0:14:09]} 33. Kf2
{[%clk 0:21:29]} Rxf1+ {[%clk 0:14:06]} 34. Kxf1 {[%clk 0:14:47]} hxg6
{[%clk 0:14:05]} 35. Rxd6 {[%clk 0:14:51]} Qc1+ {[%clk 0:13:44]} 36. Kf2
{[%clk 0:14:23]} Qc2+ {[%clk 0:12:41]} 37. Kg3 {[%clk 0:14:35]} Qxb3+
{[%clk 0:11:53]} 38. Kh2 {[%clk 0:15:04]} Qc3 {[%clk 0:12:22]} 39. Qd8+
{[%clk 0:15:03]} Kg7 {[%clk 0:12:50]} 40. Qxd7 {[%clk 0:14:42]} Qe5+
{[%clk 0:08:46]} 41. Kh3 {[%clk 0:15:10]} Qh5+ {[%clk 0:08:50]} 42. Kg3
{[%clk 0:15:38]} Qe5+ {[%clk 0:09:13]} 43. Kf3 {[%clk 0:14:49]} Qc3+
{[%clk 0:02:54]} 44. Rd3 {[%clk 0:15:18]} Qxc4 {[%clk 0:01:26]} 45. Qd5
{[%clk 0:15:45]} Qc2 {[%clk 0:01:45]} 46. Qe5+ {[%clk 0:14:39]} Kh7
{[%clk 0:02:13]} 47. Rd8 {[%clk 0:13:49]} Qb3+ {[%clk 0:01:56]} 48. Kf2
{[%clk 0:13:34]} Qc2+ {[%clk 0:01:38]} 49. Kg3 {[%clk 0:13:39]} 1-0

[Event "15th Dubai Open"]
[Site "Dubai"]
[Date "2013.04.09"]
[Round "3.3"]
[White "Darini, Pouria"]
[Black "Kryvoruchko, Yuriy"]
[Result "1/2-1/2"]
[LiveChessVersion "1.4.1"]
[BlackElo "2668"]
[WhiteElo "2505"]

1. e4 {[%clk 1:30:55]} e5 {[%clk 1:30:51]} 2. Nf3 {[%clk 1:31:15]} Nc6
{[%clk 1:31:17]} 3. d4 {[%clk 1:30:44]} exd4 {[%clk 1:31:35]} 4. Nxd4
{[%clk 1:31:06]} Nf6 {[%clk 1:31:25]} 5. Nxc6 {[%clk 1:31:28]} bxc6
{[%clk 1:31:48]} 6. e5 {[%clk 1:31:52]} Qe7 {[%clk 1:31:58]} 7. Qe2
{[%clk 1:32:21]} Nd5 {[%clk 1:32:20]} 8. c4 {[%clk 1:32:44]} Ba6 {[%clk 1:32:09]}
9. b3 {[%clk 1:33:02]} g6 {[%clk 1:30:56]} 10. f4 {[%clk 1:33:20]} d6
{[%clk 1:29:51]} 11. Qf2 {[%clk 1:30:01]} Nf6 {[%clk 1:29:14]} 12. Be2
{[%clk 1:30:16]} dxe5 {[%clk 1:28:21]} 13. O-O {[%clk 1:30:38]} Ne4
{[%clk 1:26:26]} 14. Qe1 {[%clk 1:31:02]} f5 {[%clk 1:11:30]} 15. Bb2
{[%clk 1:29:57]} Bg7 {[%clk 1:04:59]} 16. Bf3 {[%clk 0:55:48]} O-O
{[%clk 1:00:51]} 17. Bxe4 {[%clk 0:45:38]} fxe4 {[%clk 1:01:05]} 18. Ba3
{[%clk 0:33:26]} Qd7 {[%clk 0:48:59]} 19. Bxf8 {[%clk 0:27:51]} Rxf8
{[%clk 0:49:21]} 20. Nd2 {[%clk 0:15:55]} Qd4+ {[%clk 0:43:11]} 21. Kh1
{[%clk 0:16:20]} exf4 {[%clk 0:43:36]} 22. Rd1 {[%clk 0:15:56]} e3
{[%clk 0:43:12]} 23. Nf3 {[%clk 0:16:21]} Qc3 {[%clk 0:37:11]} 24. Rd7
{[%clk 0:12:11]} Qxe1 {[%clk 0:28:21]} 25. Rxe1 {[%clk 0:12:35]} Bc8
{[%clk 0:28:38]} 26. Rxc7 {[%clk 0:12:57]} Rd8 {[%clk 0:25:01]} 27. g3
{[%clk 0:04:15]} Bc3 {[%clk 0:19:56]} 28. gxf4 {[%clk 0:04:36]} Bxe1
{[%clk 0:18:16]} 29. Nxe1 {[%clk 0:05:05]} Bf5 {[%clk 0:16:49]} 30. Re7
{[%clk 0:04:41]} Rd2 {[%clk 0:16:46]} 31. Rxe3 {[%clk 0:03:08]} Rxa2
{[%clk 0:17:08]} 32. Nd3 {[%clk 0:01:05]} Rd2 {[%clk 0:16:36]} 33. Ne5
{[%clk 0:01:10]} c5 {[%clk 0:14:03]} 34. Nc6 {[%clk 0:01:27]} Kf8
{[%clk 0:13:32]} 35. Nxa7 {[%clk 0:01:08]} Rf2 {[%clk 0:13:53]} 36. Kg1
{[%clk 0:00:38]} Rxf4 {[%clk 0:14:17]} 37. Nb5 {[%clk 0:00:45]} h5
{[%clk 0:12:54]} 38. Nd6 {[%clk 0:01:07]} Bd7 {[%clk 0:13:07]} 39. Ne4
{[%clk 0:00:52]} Rf5 {[%clk 0:13:20]} 40. Ng3 {[%clk 0:00:47]} Rg5
{[%clk 0:13:28]} 41. Kf2 {[%clk 0:00:49]} Bc6 {[%clk 0:08:25]} 42. Re6
{[%clk 0:01:00]} Bd7 {[%clk 0:08:46]} 43. Re4 {[%clk 0:00:37]} Bh3
{[%clk 0:06:55]} 44. Ke3 {[%clk 0:00:34]} Kf7 {[%clk 0:06:43]} 45. Rh4
{[%clk 0:00:35]} Bf5 {[%clk 0:05:48]} 46. Rf4 {[%clk 0:00:35]} Ke6
{[%clk 0:05:43]} 47. Kd2 {[%clk 0:00:32]} Ke5 {[%clk 0:05:48]} 48. Ke3
{[%clk 0:01:01]} Bc2 {[%clk 0:05:33]} 49. Ne4 {[%clk 0:00:33]} Rg2
{[%clk 0:05:59]} 50. Nxc5 {[%clk 0:00:40]} Rxh2 {[%clk 0:06:22]} 51. Nd7+
{[%clk 0:00:46]} Kd6 {[%clk 0:05:21]} 52. Rd4+ {[%clk 0:01:15]} Kc7
{[%clk 0:05:46]} 53. b4 {[%clk 0:01:22]} Rh3+ {[%clk 0:05:51]} 54. Kf2
{[%clk 0:01:02]} Bf5 {[%clk 0:05:26]} 55. Nf6 {[%clk 0:01:12]} Rd3
{[%clk 0:03:51]} 56. Rxd3 {[%clk 0:00:34]} Bxd3 {[%clk 0:04:14]} 57. c5
{[%clk 0:00:36]} Kc6 {[%clk 0:04:29]} 58. Kg3 {[%clk 0:00:50]} Kb5
{[%clk 0:03:49]} 59. Kh4 {[%clk 0:01:00]} Kxb4 {[%clk 0:03:53]} 60. c6
{[%clk 0:01:22]} Kc5 {[%clk 0:04:01]} 61. c7 {[%clk 0:01:43]} Bf5
{[%clk 0:04:19]} 62. Nxh5 {[%clk 0:01:59]} Kc6 {[%clk 0:04:42]} 63. Kg5
{[%clk 0:02:24]} Kxc7 {[%clk 0:05:07]} 64. Nf4 {[%clk 0:02:51]} Kd6
{[%clk 0:05:35]} 65. Nxg6 {[%clk 0:03:15]} Bxg6 {[%clk 0:06:00]} 1/2-1/2

[Event "15th Dubai Open"]
[Site "Dubai"]
[Date "2013.04.09"]
[Round "3.4"]
[White "Sargissian, Gabriel"]
[Black "Shyam, Sundar M."]
[Result "1-0"]
[LiveChessVersion "1.4.1"]
[BlackElo "2505"]
[WhiteElo "2666"]

1. d4 {[%clk 1:30:57]} Nf6 {[%clk 1:30:44]} 2. c4 {[%clk 1:31:19]} g6
{[%clk 1:31:00]} 3. Nc3 {[%clk 1:31:31]} Bg7 {[%clk 1:31:11]} 4. e4
{[%clk 1:31:49]} d6 {[%clk 1:31:29]} 5. Nf3 {[%clk 1:31:45]} O-O {[%clk 1:31:36]}
6. h3 {[%clk 1:31:50]} Na6 {[%clk 1:27:55]} 7. Bg5 {[%clk 1:31:18]} Qe8
{[%clk 1:28:17]} 8. g4 {[%clk 1:30:43]} e5 {[%clk 1:24:05]} 9. d5
{[%clk 1:30:35]} Nc5 {[%clk 1:24:20]} 10. Nd2 {[%clk 1:30:27]} a5
{[%clk 1:24:47]} 11. Qc2 {[%clk 1:27:14]} c6 {[%clk 1:18:40]} 12. Be2
{[%clk 1:24:35]} Bd7 {[%clk 1:06:36]} 13. O-O-O {[%clk 1:22:45]} Rc8
{[%clk 0:59:35]} 14. Kb1 {[%clk 1:22:11]} Na6 {[%clk 0:34:53]} 15. a3
{[%clk 1:11:46]} h6 {[%clk 0:33:17]} 16. Bh4 {[%clk 1:08:37]} Nc5
{[%clk 0:25:55]} 17. f3 {[%clk 1:07:59]} a4 {[%clk 0:21:24]} 18. Bf2
{[%clk 0:58:18]} cxd5 {[%clk 0:21:38]} 19. cxd5 {[%clk 0:56:04]} b5
{[%clk 0:20:19]} 20. Rc1 {[%clk 0:55:19]} Rc7 {[%clk 0:19:34]} 21. Qd1
{[%clk 0:54:44]} Qb8 {[%clk 0:20:00]} 22. Na2 {[%clk 0:54:01]} Rfc8
{[%clk 0:20:27]} 23. Ka1 {[%clk 0:47:57]} Na6 {[%clk 0:16:09]} 24. Rxc7
{[%clk 0:47:59]} Rxc7 {[%clk 0:16:15]} 25. Qb1 {[%clk 0:46:58]} Ne8
{[%clk 0:14:46]} 26. Rc1 {[%clk 0:46:15]} Bf6 {[%clk 0:15:11]} 27. Rxc7
{[%clk 0:44:15]} Qxc7 {[%clk 0:14:14]} 28. Qf1 {[%clk 0:35:52]} Qc2
{[%clk 0:08:38]} 29. Qd1 {[%clk 0:35:00]} Qc8 {[%clk 0:05:11]} 30. Nb1
{[%clk 0:33:19]} Nc5 {[%clk 0:05:11]} 31. Nbc3 {[%clk 0:33:24]} Nb3+
{[%clk 0:05:38]} 32. Kb1 {[%clk 0:33:32]} Bg5 {[%clk 0:05:11]} 33. Nb4
{[%clk 0:27:08]} Nc7 {[%clk 0:04:58]} 34. Bd3 {[%clk 0:24:43]} Qb7
{[%clk 0:04:20]} 35. h4 {[%clk 0:23:51]} Bf4 {[%clk 0:04:23]} 36. Ne2
{[%clk 0:23:35]} Bd2 {[%clk 0:03:46]} 37. Bc2 {[%clk 0:23:23]} Bxb4
{[%clk 0:02:37]} 38. axb4 {[%clk 0:23:29]} Na6 {[%clk 0:03:04]} 39. Bxb3
{[%clk 0:23:35]} axb3 {[%clk 0:03:32]} 40. Qxb3 {[%clk 0:23:53]} Qc8
{[%clk 0:02:01]} 41. Nc3 {[%clk 0:23:35]} Be8 {[%clk 0:01:33]} 42. Qa3
{[%clk 0:22:25]} Kh7 {[%clk 0:01:12]} 43. Qa5 {[%clk 0:20:51]} Nc7
{[%clk 0:01:00]} 44. Qb6 {[%clk 0:18:32]} Qd8 {[%clk 0:01:10]} 45. Qa7
{[%clk 0:17:56]} Qc8 {[%clk 0:00:59]} 46. Qb6 {[%clk 0:14:20]} Qd8
{[%clk 0:01:26]} 47. Be3 {[%clk 0:14:23]} Kg7 {[%clk 0:00:45]} 48. Qb7
{[%clk 0:13:56]} Na8 {[%clk 0:01:12]} 49. g5 {[%clk 0:13:34]} h5 {[%clk 0:01:02]}
50. Nxb5 {[%clk 0:11:40]} Bxb5 {[%clk 0:01:27]} 51. Qxb5 {[%clk 0:12:03]} Qc8
{[%clk 0:01:55]} 52. Qc6 {[%clk 0:11:10]} Qh3 {[%clk 0:02:24]} 53. Qxd6
{[%clk 0:10:45]} Kh7 {[%clk 0:01:19]} 54. Qf6 {[%clk 0:08:18]} Qd7
{[%clk 0:00:58]} 55. Qxe5 {[%clk 0:07:34]} Qb5 {[%clk 0:01:26]} 56. Bd4
{[%clk 0:04:40]} Qf1+ {[%clk 0:00:55]} 57. Ka2 {[%clk 0:04:27]} Qa6+
{[%clk 0:01:08]} 58. Kb3 {[%clk 0:04:39]} Qd3+ {[%clk 0:01:36]} 59. Bc3
{[%clk 0:04:44]} Qd1+ {[%clk 0:02:02]} 60. Kc4 {[%clk 0:05:01]} Nb6+
{[%clk 0:01:25]} 61. Kb5 {[%clk 0:05:21]} 1-0

[Event "15th Dubai Open"]
[Site "Dubai"]
[Date "2013.04.09"]
[Round "3.5"]
[White "Istratescu, Andrei"]
[Black "Khotenashvili, Bela"]
[Result "1/2-1/2"]
[LiveChessVersion "1.4.1"]
[BlackElo "2492"]
[WhiteElo "2648"]

1. e4 {[%clk 1:30:55]} c6 {[%clk 1:30:53]} 2. d4 {[%clk 1:31:16]} d5
{[%clk 1:31:19]} 3. e5 {[%clk 1:31:42]} Bf5 {[%clk 1:31:45]} 4. h4
{[%clk 1:32:07]} h5 {[%clk 1:31:57]} 5. c4 {[%clk 1:32:20]} dxc4 {[%clk 1:30:41]}
6. Bxc4 {[%clk 1:32:04]} e6 {[%clk 1:31:06]} 7. Nc3 {[%clk 1:31:24]} Nd7
{[%clk 1:28:55]} 8. Nge2 {[%clk 1:29:19]} Be7 {[%clk 1:24:35]} 9. Ng3
{[%clk 1:27:48]} Bg6 {[%clk 1:11:16]} 10. Nge4 {[%clk 1:25:31]} Nh6
{[%clk 1:00:43]} 11. Bxh6 {[%clk 1:20:27]} Rxh6 {[%clk 0:59:08]} 12. Qe2
{[%clk 1:19:12]} Nb6 {[%clk 0:55:13]} 13. O-O-O {[%clk 1:15:46]} Bxe4
{[%clk 0:51:11]} 14. Nxe4 {[%clk 1:16:10]} Nxc4 {[%clk 0:51:31]} 15. Qxc4
{[%clk 1:16:36]} Qd5 {[%clk 0:51:58]} 16. Qxd5 {[%clk 1:16:06]} cxd5
{[%clk 0:52:16]} 17. Nd2 {[%clk 1:15:55]} Rg6 {[%clk 0:42:50]} 18. g3
{[%clk 1:15:14]} Rc8+ {[%clk 0:43:16]} 19. Kb1 {[%clk 1:15:40]} Rg4
{[%clk 0:43:35]} 20. Nf3 {[%clk 1:15:59]} f6 {[%clk 0:35:37]} 21. Rhe1
{[%clk 1:14:17]} Kd7 {[%clk 0:35:40]} 22. Rc1 {[%clk 1:05:55]} Rc6
{[%clk 0:33:01]} 23. Re3 {[%clk 1:05:16]} Bd8 {[%clk 0:32:23]} 24. Rd1
{[%clk 0:55:10]} Bb6 {[%clk 0:30:38]} 25. b3 {[%clk 0:53:33]} Ke7
{[%clk 0:26:23]} 26. a3 {[%clk 0:48:52]} Re4 {[%clk 0:20:17]} 27. Kb2
{[%clk 0:43:23]} Ba5 {[%clk 0:11:07]} 28. exf6+ {[%clk 0:41:04]} gxf6
{[%clk 0:11:24]} 29. Ng1 {[%clk 0:41:19]} Rxe3 {[%clk 0:09:38]} 30. fxe3
{[%clk 0:41:39]} Rc8 {[%clk 0:09:55]} 31. Ne2 {[%clk 0:41:57]} Rg8
{[%clk 0:10:24]} 32. Kc2 {[%clk 0:41:38]} Bc7 {[%clk 0:09:54]} 33. Rg1
{[%clk 0:41:16]} e5 {[%clk 0:08:46]} 34. Kd2 {[%clk 0:38:45]} Ke6
{[%clk 0:08:54]} 35. b4 {[%clk 0:38:00]} a5 {[%clk 0:07:13]} 36. Rc1
{[%clk 0:36:55]} Bb6 {[%clk 0:06:41]} 37. b5 {[%clk 0:35:29]} a4 {[%clk 0:06:55]}
38. Ke1 {[%clk 0:35:26]} Ra8 {[%clk 0:04:22]} 39. Kf2 {[%clk 0:34:06]} Bd8
{[%clk 0:04:51]} 40. Kf3 {[%clk 0:32:54]} Be7 {[%clk 0:04:38]} 41. Rc7
{[%clk 0:33:16]} Bxa3 {[%clk 0:04:22]} 42. Rxb7 {[%clk 0:33:42]} Bb2
{[%clk 0:03:11]} 43. b6 {[%clk 0:34:06]} a3 {[%clk 0:03:01]} 44. Ra7
{[%clk 0:34:32]} Rb8 {[%clk 0:03:30]} 45. b7 {[%clk 0:34:56]} Kd7
{[%clk 0:03:42]} 46. g4 {[%clk 0:35:22]} hxg4+ {[%clk 0:04:09]} 47. Kxg4
{[%clk 0:35:49]} Kc6 {[%clk 0:04:12]} 48. h5 {[%clk 0:36:15]} Rxb7
{[%clk 0:04:16]} 49. Rxb7 {[%clk 0:36:24]} Kxb7 {[%clk 0:04:45]} 50. h6
{[%clk 0:36:49]} a2 {[%clk 0:02:59]} 51. h7 {[%clk 0:37:08]} a1=Q
{[%clk 0:03:26]} 52. h8=Q {[%clk 0:37:33]} Qf1 {[%clk 0:02:51]} 53. Qh7+
{[%clk 0:37:13]} Kb6 {[%clk 0:01:29]} 54. Qc2 {[%clk 0:37:10]} Ba1
{[%clk 0:01:09]} 55. Qc5+ {[%clk 0:36:01]} Ka6 {[%clk 0:01:08]} 56. Qc6+
{[%clk 0:36:26]} Ka7 {[%clk 0:01:31]} 57. Qc7+ {[%clk 0:36:52]} Ka6
{[%clk 0:01:53]} 58. Qc6+ {[%clk 0:37:19]} 1/2-1/2

[Event "15th Dubai Open"]
[Site "Dubai"]
[Date "2013.04.09"]
[Round "3.6"]
[White "Hayrapetyan, Hovik"]
[Black "Mchedlishvili, Mikheil"]
[Result "0-1"]
[LiveChessVersion "1.4.1"]
[BlackElo "2640"]
[WhiteElo "2503"]

1. d4 {[%clk 1:30:56]} d5 {[%clk 1:30:44]} 2. Nf3 {[%clk 1:31:21]} Nf6
{[%clk 1:30:38]} 3. c4 {[%clk 1:31:44]} c6 {[%clk 1:30:30]} 4. Nc3
{[%clk 1:31:50]} dxc4 {[%clk 1:30:04]} 5. g3 {[%clk 1:26:45]} g6 {[%clk 1:28:24]}
6. Bg2 {[%clk 1:26:23]} Bg7 {[%clk 1:28:34]} 7. O-O {[%clk 1:24:40]} O-O
{[%clk 1:28:37]} 8. e4 {[%clk 1:22:23]} Bg4 {[%clk 1:19:43]} 9. Be3
{[%clk 1:18:43]} Qc8 {[%clk 1:07:34]} 10. a4 {[%clk 1:12:40]} Na6
{[%clk 0:53:08]} 11. Qe2 {[%clk 1:07:16]} Nb4 {[%clk 0:51:15]} 12. Qxc4
{[%clk 1:05:48]} Nc2 {[%clk 0:49:36]} 13. Rac1 {[%clk 1:05:06]} Nxe3
{[%clk 0:49:55]} 14. fxe3 {[%clk 1:05:34]} Qe6 {[%clk 0:43:00]} 15. Qd3
{[%clk 1:03:13]} Bh6 {[%clk 0:35:32]} 16. Nd2 {[%clk 0:55:01]} Rad8
{[%clk 0:31:49]} 17. Ne2 {[%clk 0:49:53]} Qd6 {[%clk 0:25:47]} 18. Nf4
{[%clk 0:41:07]} Qb4 {[%clk 0:23:00]} 19. h3 {[%clk 0:34:59]} Bc8
{[%clk 0:21:36]} 20. e5 {[%clk 0:30:27]} Nd7 {[%clk 0:17:50]} 21. Nf3
{[%clk 0:22:20]} Nb6 {[%clk 0:16:39]} 22. b3 {[%clk 0:19:54]} Nd5
{[%clk 0:13:00]} 23. Rc4 {[%clk 0:17:36]} Qb6 {[%clk 0:12:08]} 24. Nd2
{[%clk 0:17:03]} Bf5 {[%clk 0:10:34]} 25. Qe2 {[%clk 0:17:21]} Nb4
{[%clk 0:07:20]} 26. g4 {[%clk 0:14:20]} Bc8 {[%clk 0:06:47]} 27. Rc5
{[%clk 0:13:27]} Bxf4 {[%clk 0:05:42]} 28. Rxf4 {[%clk 0:11:23]} Nd3
{[%clk 0:05:47]} 29. Qxd3 {[%clk 0:11:49]} Qxc5 {[%clk 0:06:15]} 30. Be4
{[%clk 0:11:53]} Qb4 {[%clk 0:04:21]} 31. h4 {[%clk 0:12:05]} f5 {[%clk 0:03:54]}
32. gxf5 {[%clk 0:08:35]} Bxf5 {[%clk 0:03:40]} 33. Bxf5 {[%clk 0:08:50]} Rxf5
{[%clk 0:03:47]} 34. Rxf5 {[%clk 0:09:16]} gxf5 {[%clk 0:04:11]} 35. Nf3
{[%clk 0:09:37]} e6 {[%clk 0:04:12]} 36. Kf2 {[%clk 0:09:13]} c5 {[%clk 0:03:08]}
37. Qd1 {[%clk 0:09:20]} cxd4 {[%clk 0:03:25]} 38. Nxd4 {[%clk 0:09:34]} Kh8
{[%clk 0:03:00]} 39. Qh5 {[%clk 0:08:10]} f4 {[%clk 0:03:00]} 40. Nxe6
{[%clk 0:06:23]} Qd2+ {[%clk 0:02:33]} 0-1

[Event "15th Dubai Open"]
[Site "Dubai"]
[Date "2013.04.09"]
[Round "3.7"]
[White "Shoker, Samy"]
[Black "Ganguly, Surya Shekhar"]
[Result "0-1"]
[LiveChessVersion "1.4.1"]
[BlackElo "2623"]
[WhiteElo "2480"]

1. g3 {[%clk 1:30:57]} Nf6 {[%clk 1:30:39]} 2. Bg2 {[%clk 1:31:22]} d5
{[%clk 1:30:47]} 3. c4 {[%clk 1:31:03]} e6 {[%clk 1:30:51]} 4. Nf3
{[%clk 1:31:08]} Be7 {[%clk 1:31:14]} 5. O-O {[%clk 1:29:27]} O-O
{[%clk 1:31:36]} 6. b3 {[%clk 1:29:20]} c5 {[%clk 1:31:53]} 7. Bb2
{[%clk 1:29:25]} Nc6 {[%clk 1:31:45]} 8. e3 {[%clk 1:29:31]} a6 {[%clk 1:31:52]}
9. d4 {[%clk 1:28:06]} dxc4 {[%clk 1:31:02]} 10. bxc4 {[%clk 1:28:16]} Rb8
{[%clk 1:31:23]} 11. dxc5 {[%clk 1:19:51]} Nd7 {[%clk 1:30:00]} 12. Nd4
{[%clk 0:58:11]} Qc7 {[%clk 1:29:30]} 13. Qg4 {[%clk 0:53:23]} Bf6
{[%clk 1:17:34]} 14. Nd2 {[%clk 0:50:35]} Nxd4 {[%clk 1:08:43]} 15. exd4
{[%clk 0:45:15]} Nxc5 {[%clk 1:06:08]} 16. Ba3 {[%clk 0:41:30]} h5
{[%clk 1:00:55]} 17. Qxh5 {[%clk 0:41:21]} Bxd4 {[%clk 1:01:18]} 18. Nf3
{[%clk 0:36:26]} g6 {[%clk 1:01:14]} 19. Qh4 {[%clk 0:35:41]} Bxa1
{[%clk 0:59:25]} 20. Bxc5 {[%clk 0:31:16]} Bf6 {[%clk 0:57:52]} 21. Qxf6
{[%clk 0:18:49]} Qxc5 {[%clk 0:57:41]} 22. Ne5 {[%clk 0:17:49]} Qd4
{[%clk 0:55:07]} 23. h4 {[%clk 0:17:16]} Qd8 {[%clk 0:53:56]} 24. Qf4
{[%clk 0:17:10]} Qc7 {[%clk 0:53:13]} 25. Rd1 {[%clk 0:15:18]} f6
{[%clk 0:52:02]} 26. Nxg6 {[%clk 0:15:31]} Qxf4 {[%clk 0:52:24]} 27. Nxf4
{[%clk 0:15:40]} e5 {[%clk 0:50:54]} 28. Nd5 {[%clk 0:12:54]} Be6
{[%clk 0:44:21]} 29. a4 {[%clk 0:11:27]} Kg7 {[%clk 0:42:45]} 30. Rb1
{[%clk 0:09:38]} Bxd5 {[%clk 0:35:54]} 31. Bxd5 {[%clk 0:09:35]} b6
{[%clk 0:36:19]} 32. a5 {[%clk 0:06:21]} bxa5 {[%clk 0:31:35]} 33. Ra1
{[%clk 0:06:46]} f5 {[%clk 0:30:00]} 34. Rxa5 {[%clk 0:05:53]} Rf6
{[%clk 0:29:03]} 35. Ra2 {[%clk 0:06:06]} Rc8 {[%clk 0:17:21]} 36. Ra5
{[%clk 0:05:38]} Rb6 {[%clk 0:13:29]} 37. Kg2 {[%clk 0:05:46]} e4
{[%clk 0:11:12]} 38. g4 {[%clk 0:03:21]} fxg4 {[%clk 0:09:56]} 39. Kg3
{[%clk 0:03:30]} Rf6 {[%clk 0:09:35]} 40. c5 {[%clk 0:02:13]} Rf3+
{[%clk 0:06:56]} 41. Kxg4 {[%clk 0:02:36]} Rcf8 {[%clk 0:07:12]} 42. Bb7
{[%clk 0:01:05]} R8f4+ {[%clk 0:03:58]} 43. Kg5 {[%clk 0:01:33]} Rf5+
{[%clk 0:04:11]} 44. Kg4 {[%clk 0:02:01]} R5f4+ {[%clk 0:03:36]} 45. Kg5
{[%clk 0:02:31]} Rf5+ {[%clk 0:03:54]} 46. Kg4 {[%clk 0:02:57]} Rxf2
{[%clk 0:04:11]} 47. Rxa6 {[%clk 0:02:54]} R5f4+ {[%clk 0:03:28]} 48. Kg5
{[%clk 0:02:53]} Rf5+ {[%clk 0:02:40]} 49. Kg4 {[%clk 0:03:22]} Rf7
{[%clk 0:02:45]} 50. Bd5 {[%clk 0:00:45]} R7f4+ {[%clk 0:02:48]} 51. Kg3
{[%clk 0:01:13]} R4f3+ {[%clk 0:03:06]} 52. Kg4 {[%clk 0:01:37]} Rg2+
{[%clk 0:03:05]} 53. Kh5 {[%clk 0:02:04]} Rf5# 0-1

[Event "15th Dubai Open"]
[Site "Dubai"]
[Date "2013.04.09"]
[Round "3.9"]
[White "Parligras, Mircea-Emilian"]
[Black "Debashis, Das"]
[Result "1/2-1/2"]
[LiveChessVersion "1.4.1"]
[BlackElo "2477"]
[WhiteElo "2602"]

1. d4 {[%clk 1:30:57]} Nf6 {[%clk 1:29:30]} 2. c4 {[%clk 1:31:19]} e6
{[%clk 1:29:56]} 3. Nf3 {[%clk 1:30:28]} d5 {[%clk 1:30:18]} 4. Nc3
{[%clk 1:30:41]} Bb4 {[%clk 1:30:42]} 5. Qa4+ {[%clk 1:29:35]} Nc6
{[%clk 1:31:06]} 6. Bg5 {[%clk 1:29:40]} dxc4 {[%clk 1:31:28]} 7. a3
{[%clk 1:28:11]} Bxc3+ {[%clk 1:31:49]} 8. bxc3 {[%clk 1:28:36]} Qd5
{[%clk 1:32:08]} 9. Bxf6 {[%clk 1:27:56]} gxf6 {[%clk 1:32:36]} 10. Nd2
{[%clk 1:21:59]} b5 {[%clk 1:32:59]} 11. Qc2 {[%clk 1:22:25]} Bb7
{[%clk 1:33:20]} 12. e4 {[%clk 1:22:42]} Qd7 {[%clk 1:33:42]} 13. Qb2
{[%clk 1:14:48]} Nd8 {[%clk 1:24:28]} 14. a4 {[%clk 1:15:09]} a6 {[%clk 1:18:13]}
15. Be2 {[%clk 1:05:17]} O-O {[%clk 1:07:23]} 16. O-O {[%clk 1:04:52]} c5
{[%clk 1:00:11]} 17. dxc5 {[%clk 0:58:48]} Bc6 {[%clk 0:56:02]} 18. axb5
{[%clk 0:52:27]} axb5 {[%clk 0:56:25]} 19. Rxa8 {[%clk 0:52:47]} Bxa8
{[%clk 0:56:45]} 20. Rd1 {[%clk 0:52:35]} Qe8 {[%clk 0:46:12]} 21. Qb4
{[%clk 0:38:22]} Bc6 {[%clk 0:41:19]} 22. Nf3 {[%clk 0:28:11]} Bxe4
{[%clk 0:20:54]} 23. Rd6 {[%clk 0:28:33]} Bd5 {[%clk 0:13:27]} 24. Rb6
{[%clk 0:28:07]} Kg7 {[%clk 0:10:49]} 25. h3 {[%clk 0:19:58]} Rg8
{[%clk 0:10:30]} 26. Qxb5 {[%clk 0:19:26]} Qxb5 {[%clk 0:10:47]} 27. Rxb5
{[%clk 0:19:52]} Nb7 {[%clk 0:06:57]} 28. Bxc4 {[%clk 0:10:25]} Bxc4
{[%clk 0:07:18]} 29. Rxb7 {[%clk 0:10:51]} Rc8 {[%clk 0:07:29]} 30. Nd2
{[%clk 0:09:26]} Rxc5 {[%clk 0:07:46]} 31. Nxc4 {[%clk 0:09:18]} Rxc4
{[%clk 0:08:11]} 32. Rb3 {[%clk 0:09:46]} Ra4 {[%clk 0:06:03]} 33. Rb1
{[%clk 0:09:28]} Rc4 {[%clk 0:05:33]} 34. Rc1 {[%clk 0:09:36]} f5
{[%clk 0:05:27]} 35. Kf1 {[%clk 0:09:46]} Kf6 {[%clk 0:05:50]} 36. Ke2
{[%clk 0:10:10]} Ke5 {[%clk 0:06:05]} 37. Kd3 {[%clk 0:10:33]} Ra4
{[%clk 0:06:24]} 1/2-1/2

[Event "15th Dubai Open"]
[Site "Dubai"]
[Date "2013.04.09"]
[Round "3.11"]
[White "Rakhmanov, Aleksandr"]
[Black "Narayanan, Srinath"]
[Result "1-0"]
[LiveChessVersion "1.4.1"]
[BlackElo "2440"]
[WhiteElo "2591"]

1. d4 {[%clk 1:30:58]} Nf6 {[%clk 1:22:42]} 2. c4 {[%clk 1:31:08]} e6
{[%clk 1:23:04]} 3. Nc3 {[%clk 1:31:32]} Bb4 {[%clk 1:23:30]} 4. e3
{[%clk 1:31:56]} c5 {[%clk 1:23:55]} 5. Bd3 {[%clk 1:31:26]} Nc6 {[%clk 1:24:19]}
6. Nge2 {[%clk 1:30:35]} cxd4 {[%clk 1:24:41]} 7. exd4 {[%clk 1:31:00]} d5
{[%clk 1:25:03]} 8. a3 {[%clk 1:27:38]} Be7 {[%clk 1:25:15]} 9. O-O
{[%clk 1:27:35]} O-O {[%clk 1:25:34]} 10. cxd5 {[%clk 1:25:29]} Nxd5
{[%clk 1:25:58]} 11. Bc2 {[%clk 1:25:39]} b6 {[%clk 1:25:41]} 12. Qd3
{[%clk 1:25:50]} Nf6 {[%clk 1:25:41]} 13. Rd1 {[%clk 1:24:44]} Bb7
{[%clk 1:24:33]} 14. Qh3 {[%clk 1:22:48]} g6 {[%clk 1:24:20]} 15. Bb3
{[%clk 1:21:01]} Na5 {[%clk 1:17:51]} 16. Ba2 {[%clk 1:21:19]} Rc8
{[%clk 1:17:45]} 17. Nf4 {[%clk 1:10:09]} Re8 {[%clk 1:00:40]} 18. d5
{[%clk 1:01:18]} exd5 {[%clk 0:57:54]} 19. Nfxd5 {[%clk 0:58:10]} Nxd5
{[%clk 0:57:04]} 20. Nxd5 {[%clk 0:52:09]} Bxa3 {[%clk 0:35:16]} 21. Qxa3
{[%clk 0:49:06]} Bxd5 {[%clk 0:35:14]} 22. Be3 {[%clk 0:49:25]} Nc4
{[%clk 0:35:32]} 23. Bxc4 {[%clk 0:49:35]} Rxc4 {[%clk 0:31:27]} 24. Qd3
{[%clk 0:49:42]} Rc5 {[%clk 0:29:05]} 25. b4 {[%clk 0:26:49]} Rxe3
{[%clk 0:24:32]} 26. fxe3 {[%clk 0:25:22]} 1-0